Concordancias de la lei de organización i atribuciones de los tribunales con la lejislación chilena
Uloženo v:
| Hlavní autor: | |
|---|---|
| Médium: | Kniha |
| Jazyk: | španělština |
| Vydáno: |
Santiago
Roma
1896
|
| Témata: | |
| Tagy: |
Přidat tag
Žádné tagy, Buďte první, kdo vytvoří štítek k tomuto záznamu!
|
MARC
| LEADER | 00000nam a2200000 a 4500 | ||
|---|---|---|---|
| 001 | UCS1229 | ||
| 003 | CL-VaPUC | ||
| 008 | 970509e18960000CL |||||||||||||||||spa|d | ||
| 082 | 0 | 4 | |a 347.01 |b COO |2 21 |
| 100 | 0 | |a Coo Tagle, Alberto |e author |9 385515 | |
| 245 | 1 | 0 | |a Concordancias de la lei de organización i atribuciones de los tribunales con la lejislación chilena |
| 300 | |a 573 p | ||
| 942 | |c BK | ||
| 945 | |d 19970509 00:00:00 |a paguirre | ||
| 260 | |a Santiago |b Roma |c 1896 | ||
| 650 | 0 | |a Tribunales |9 254872 | |
| 650 | 7 | |a LEY |2 CL-VaPUC |9 385516 | |
| 650 | 0 | |a Jueces |9 256162 | |
| 650 | 7 | |a FUNCION JUDICIAL |2 CL-VaPUC |9 385517 | |
| 650 | 0 | |a Sentencias |9 256250 | |
| 650 | 0 | |a Administración de justicia |9 382749 | |
| 651 | 7 | |a CHILE |2 CL-VaPUC |9 385519 | |
| 583 | |a last modification |c 19970509 00:00:00 |k Rodrigo Vera | ||
| 999 | |c 259329 |d 259327 | ||
| 952 | |0 0 |1 0 |2 ddc |4 0 |5 1 |6 347_010000000000000_COO_1896 |7 1 |8 C_LRYV |9 283992 |a FDOBRV |b BIBDER |d 2019-11-19 |i 1841793 |o 347.01 COO 1896 |p 1841793 |r 2023-01-25 |w 2019-11-19 |y BK_X |k BRV | ||
| 952 | |0 0 |1 0 |2 ddc |4 0 |5 1 |6 347_010000000000000_COO_1896 |7 1 |8 C_LRYV |9 283993 |a FDOBRV |b BIBDER |d 2019-11-19 |i 1841807 |o 347.01 COO 1896 |p 1841807 |r 2023-01-25 |w 2019-11-19 |y BK_X |k BRV | ||
| 952 | |0 0 |1 0 |2 ddc |4 0 |5 1 |6 347_010000000000000_COO_1896 |7 1 |8 C_LRYV |9 283994 |a FDOBRV |b BIBDER |d 2019-11-19 |i 1841815 |o 347.01 COO 1896 |p 1841815 |r 2023-01-25 |w 2019-11-19 |y BK_X |k BRV | ||
| 952 | |0 0 |1 0 |2 ddc |4 0 |5 1 |6 347_010000000000000_COO_1896 |7 1 |8 C_LRYV |9 283995 |a FDOBRV |b BIBDER |d 2019-11-19 |i 1843230 |o 347.01 COO 1896 |p 1843230 |r 2023-01-25 |w 2019-11-19 |y BK_X |k BRV | ||
| 952 | |0 0 |1 0 |2 ddc |4 0 |5 1 |6 347_010000000000000_COO_1896 |7 1 |8 C_LRYV |9 283996 |a FDOBRV |b BIBDER |d 2019-11-19 |i 1843249 |o 347.01 COO 1896 |p 1843249 |r 2023-01-25 |w 2019-11-19 |y BK_X |k BRV | ||
| 952 | |0 0 |1 0 |2 ddc |4 0 |5 1 |6 347_010000000000000_COO_1896 |7 1 |8 C_LRYV |9 283997 |a FDOBRV |b BIBDER |d 2019-11-19 |i 1843257 |o 347.01 COO 1896 |p 1843257 |r 2023-01-25 |w 2019-11-19 |y BK_X |k BRV | ||
| 952 | |0 0 |1 0 |2 ddc |4 0 |5 1 |6 347_010000000000000_COO_1896 |7 1 |8 C_LRYV |9 283998 |a FDOBRV |b BIBDER |d 2019-11-19 |i 1892118 |o 347.01 COO 1896 |p 1892118 |r 2023-01-25 |w 2019-11-19 |y BK_X |k BRV | ||